[Event "Mecklenburg VP U18"]
[White "Dorendorf, Lena"]
[Black "Steinsiek, Jacob"]
[Site "Malchow"]
[Round "6.9"]
[Result "1/2-1/2"]
[Date "2016.02.02"]
[WhiteElo "1101"]
[BlackElo "970"]
[PlyCount "27"]
[EventDate "2016.02.02"]
[EventType "swiss"]
[EventRounds "7"]
[EventCountry "GER"]
[SourceTitle "EXT 2024"]
[Source "ChessBase"]
[SourceDate "2023.10.10"]
[SourceVersion "1"]
[SourceVersionDate "2023.10.10"]
[SourceQuality "1"]

1. e4 e5 2. Nf3 Nc6 3. Nc3 Bc5 4. Bc4 d6 5. d3 Be6 6. Bb3 Nf6 7. Bg5 0-0 8. h3 h6 9. Bh4 Nd4 10. 0-0 c6 11. Kh1 Kh8 12. Re1 Qd7 13. Bxe6 Qxe6 14. Bg3 1/2-1/2

[Event "Mecklenburg VP U18"]
[White "Steinsiek, Jacob"]
[Black "Zoll, Cindy"]
[Site "Malchow"]
[Round "2.9"]
[Result "0-1"]
[Date "2016.02.02"]
[WhiteElo "970"]
[BlackElo "1233"]
[PlyCount "40"]
[EventDate "2016.02.02"]
[EventType "swiss"]
[EventRounds "7"]
[EventCountry "GER"]
[SourceTitle "EXT 2024"]
[Source "ChessBase"]
[SourceDate "2023.10.10"]
[SourceVersion "1"]
[SourceVersionDate "2023.10.10"]
[SourceQuality "1"]

1. e4 e6 2. Nf3 d5 3. e5 c5 4. d4 Nc6 5. Be3 Qb6 6. b3 cxd4 7. Bxd4 Nxd4 8. Nxd4 Bd7 9. Be2 Bc5 10. c3 Rc8 11. 0-0 Qc7 12. b4 Bb6 13. Nf3 f6 14. exf6 Nxf6 15. a4 Qf4 16. Qd3 0-0 17. Na3 Ng4 18. c4 Qh6 19. cxd5 Rxf3 20. h3 Rxd3 0-1

[Event "Mecklenburg VP-ch U18"]
[White "Martau, Valentin"]
[Black "Steinsiek, Jacob"]
[Site "Malchow"]
[Round "1.7"]
[Result "1-0"]
[Date "2015.02.??"]
[WhiteElo "1296"]
[BlackElo "995"]
[PlyCount "68"]
[EventDate "2015.02.04"]
[EventType "swiss"]
[EventRounds "7"]
[EventCountry "GER"]
[SourceTitle "EXT 2022"]
[Source "ChessBase"]
[SourceDate "2021.10.06"]
[SourceVersion "1"]
[SourceVersionDate "2021.10.06"]
[SourceQuality "1"]

1. e4 e5 2. Nf3 Nc6 3. Bb5 Bc5 4. 0-0 d6 5. d4 exd4 6. Nxd4 Bd7 7. Be3 Nf6 8. Nc3 0-0 9. Qd2 Nxd4 10. Bxd4 Bb4 11. Bxf6 Qxf6 12. Bxd7 Rad8 13. Ba4 c6 14. a3 Ba5 15. b4 Bb6 16. Bb3 Bd4 17. Nd5 cxd5 18. Rad1 Bb2 19. Qxd5 Bxa3 20. Ra1 Bxb4 21. Rxa7 b6 22. f3 b5 23. Kh1 Rb8 24. Rfa1 Bc5 25. Ra8 b4 26. h3 Bd4 27. Rxb8 Rxb8 28. Ra8 Rf8 29. Rxf8+ Kxf8 30. Qa8+ Ke7 31. Qb7+ Ke8 32. Ba4+ Kf8 33. Qc8+ Ke7 34. Qd7+ Kf8 1-0

[Event "Mecklenburg VP-ch U16"]
[White "Steinsiek, Jacob"]
[Black "Schmidt, Arne"]
[Site "Malchow"]
[Round "7"]
[Result "1/2-1/2"]
[Date "2014.02.04"]
[WhiteElo "953"]
[BlackElo "976"]
[PlyCount "54"]
[EventDate "2014.02.01"]
[EventType "swiss"]
[EventRounds "7"]
[EventCountry "GER"]
[SourceTitle "EXT 2017"]
[Source "ChessBase"]
[SourceDate "2016.10.25"]
[SourceVersion "1"]
[SourceVersionDate "2016.10.25"]
[SourceQuality "1"]

1. e4 c5 2. Nf3 Nc6 3. d4 cxd4 4. Nxd4 g6 5. Nc3 Bg7 6. Be3 Nf6 7. Bc4 0-0 8. Qd2 e6 9. 0-0-0 Ne5 10. Bb3 b6 11. h4 Neg4 12. f3 Nxe3 13. Qxe3 Bb7 14. g4 Qc7 15. h5 Rfd8 16. hxg6 fxg6 17. Rh3 Qb8 18. Rdh1 Re8 19. Rh4 d5 20. e5 Nd7 21. Rxh7 Qxe5 22. Rxg7+ Qxg7 23. Nxe6 Qf6 24. Nxd5 Bxd5 25. Bxd5 Qe5 26. Nd8+ Kg7 27. Qh6+ Kf6 1/2-1/2

[Event "Mecklenburg VP-ch U16"]
[White "Gazizov, Erik"]
[Black "Steinsiek, Jacob"]
[Site "Malchow"]
[Round "5"]
[Result "0-1"]
[Date "2014.02.03"]
[WhiteElo "782"]
[BlackElo "953"]
[PlyCount "42"]
[EventDate "2014.02.01"]
[EventType "swiss"]
[EventRounds "7"]
[EventCountry "GER"]
[SourceTitle "EXT 2017"]
[Source "ChessBase"]
[SourceDate "2016.10.25"]
[SourceVersion "1"]
[SourceVersionDate "2016.10.25"]
[SourceQuality "1"]

1. d4 d5 2. e3 Nc6 3. Bd3 g6 4. f4 Bf5 5. Nf3 e6 6. c3 Bd6 7. Ne5 Bxe5 8. fxe5 Qd7 9. 0-0 0-0-0 10. Na3 f6 11. Bb5 fxe5 12. dxe5 Nh6 13. Qa4 a6 14. Be2 Nxe5 15. Qf4 Qg7 16. h3 g5 17. Qd4 c6 18. Nc2 g4 19. Qa7 Bxc2 20. e4 gxh3 21. Bf4 Qxg2# 0-1

[Event "Mecklenburg VP-ch U16"]
[White "Reimer, Simon"]
[Black "Steinsiek, Jacob"]
[Site "Malchow"]
[Round "3"]
[Result "1-0"]
[Date "2014.02.02"]
[WhiteElo "1142"]
[BlackElo "953"]
[PlyCount "79"]
[EventDate "2014.02.01"]
[EventType "swiss"]
[EventRounds "7"]
[EventCountry "GER"]
[SourceTitle "EXT 2017"]
[Source "ChessBase"]
[SourceDate "2016.10.25"]
[SourceVersion "1"]
[SourceVersionDate "2016.10.25"]
[SourceQuality "1"]

1. e4 e5 2. Nf3 Nc6 3. Bc4 Bc5 4. c3 d6 5. d4 exd4 6. cxd4 Bb6 7. d5 Ne5 8. b3 Nf6 9. Nbd2 Ba5 10. b4 Bxb4 11. Qa4+ Bd7 12. Qxb4 b6 13. Bb2 Qe7 14. Bxe5 dxe5 15. Qxe7+ Kxe7 16. Nxe5 Rhe8 17. Nxd7 Nxd7 18. Bb5 Kd8 19. 0-0 Re5 20. Bxd7 Kxd7 21. f4 Ree8 22. f5 f6 23. Rf3 Kd6 24. Rc1 Rac8 25. Rg3 Re7 26. Rc4 b5 27. Rb4 Kc5 28. Rgb3 a6 29. a4 Rb8 30. axb5 axb5 31. Rb2 Rb7 32. Kf2 Rb8 33. Kf3 Rb6 34. g4 c6 35. dxc6 Kxc6 36. Nb3 Re5 37. Nd4+ Kb7 38. Rxb5 Rbxb5 39. Rxb5+ Rxb5 40. Nxb5 1-0

[Event "Mecklenburg VP-ch U16"]
[White "Eulitz, Michael"]
[Black "Steinsiek, Jacob"]
[Site "Malchow"]
[Round "1"]
[Result "1-0"]
[Date "2014.02.01"]
[WhiteElo "1316"]
[BlackElo "953"]
[PlyCount "49"]
[EventDate "2014.02.01"]
[EventType "swiss"]
[EventRounds "7"]
[EventCountry "GER"]
[SourceTitle "EXT 2017"]
[Source "ChessBase"]
[SourceDate "2016.10.25"]
[SourceVersion "1"]
[SourceVersionDate "2016.10.25"]
[SourceQuality "1"]

1. e4 e5 2. Nf3 Nc6 3. Bc4 Bc5 4. c3 d6 5. d3 Be6 6. Bxe6 fxe6 7. a4 Nf6 8. b4 Bxf2+ 9. Kxf2 0-0 10. Rf1 d5 11. Bg5 dxe4 12. Bxf6 Qxf6 13. dxe4 Rad8 14. Qe2 Qh4+ 15. Kg1 Qh5 16. Qc4 Rd6 17. b5 Na5 18. Qxc7 Rd3 19. Nbd2 Nb3 20. Nxb3 Rdxf3 21. gxf3 Rxf3 22. Rxf3 Qxf3 23. Qd8+ Kf7 24. Rf1 Qxf1+ 25. Kxf1 1-0